01015nam a2200217 a 450000100100000000500170001000800410002702000150006804000250008308200150010810000430012324501510016626000880031730000340040549000450043950000740048470000570055883000520061595201130066799900170078000004188620201002035818.0131021s2004 sp ab 000 0 spa d a8400082613 aDO-SdBNPbspacBNPHU axxxbF363t1 aFernández Rodríguez, Manuel96396910aToronium :baproximación a la historia de una tierra medieval /cManuel Fernández Rodríguez ; prólogo Eduardo Pardo de Guevara y Valdés. aSantiago de Compostela :bConsejo Superior de Investigaciones Científicas,c2004. a277 p. :bil., maps ;c24 cm.1 aAnejo cuadernos de estudios gallegosv31 aIncluye referencias bibliográficas y notas al pie de las páginas.12aGuevara y Valdés, Eduardo Pardo deepról.964035 0aAnejo cuadernos de estudios gallegosn31968774 001050718MOaGRbGRcCTd2013-10-21iLF1l0oxxx F363tp41886-10r2020-06-25w2020-06-25y1ZNo se presta c41375d41375